[Event "Geller Memorial op-A 4th"]
[Site "Odessa"]
[Date "2008.09.15"]
[Round "7"]
[White "Khachatryan, Vahag H"]
[Black "Elkin, Maxim"]
[Result "1-0"]
[WhiteElo "2102"]
[BlackElo "2242"]
[PlyCount "69"]
[EventDate "2008.09.09"]
[EventType "swiss"]
[EventRounds "9"]
[EventCountry "UKR"]
[SourceTitle "CBM 126 Extra"]
[Source "ChessBase"]
[SourceDate "2008.11.05"]
[SourceVersion "1"]
[SourceVersionDate "2008.11.05"]
[SourceQuality "1"]

1. d4 Nf6 2. c4 c6 3. Nc3 d5 4. e3 g6 5. Nf3 Bg7 6. Be2 0-0 7. 0-0 Bg4 8. Qb3 b6 9. cxd5 Nxd5 10. Nxd5 cxd5 11. h3 Be6 12. Bd2 Nc6 13. Rfc1 Na5 14. Bxa5 bxa5 15. Rc5 Rb8 16. Qa3 Qd6 17. b3 Rfc8 18. Rac1 Qd8 19. Ba6 Rxc5 20. Rxc5 Bf6 21. Rxa5 Qb6 22. Rb5 Qd8 23. Qc5 Rxb5 24. Bxb5 Qb6 25. Qxb6 axb6 26. Bc6 Bf5 27. Bxd5 b5 28. a4 e6 29. Bb7 bxa4 30. bxa4 Bd3 31. Ne5 Bc2 32. a5 Bd8 33. a6 Bb6 34. Nc4 Ba7 35. Nd6 1-0

[Event "Geller Memorial op-A 4th"]
[Site "Odessa"]
[Date "2008.09.12"]
[Round "4"]
[White "Elkin, Maxim"]
[Black "Pavlov, Sergey1111"]
[Result "1/2-1/2"]
[WhiteElo "2242"]
[BlackElo "2433"]
[PlyCount "65"]
[EventDate "2008.09.09"]
[EventType "swiss"]
[EventRounds "9"]
[EventCountry "UKR"]
[SourceTitle "CBM 126 Extra"]
[Source "ChessBase"]
[SourceDate "2008.11.05"]
[SourceVersion "1"]
[SourceVersionDate "2008.11.05"]
[SourceQuality "1"]

1. e4 c5 2. Nf3 Nc6 3. d4 cxd4 4. Nxd4 Nf6 5. Nc3 e5 6. Ndb5 d6 7. Bg5 a6 8. Na3 b5 9. Nd5 Be7 10. Bxf6 Bxf6 11. c3 Rb8 12. Bd3 Be6 13. 0-0 0-0 14. Nc2 a5 15. Nce3 Bg5 16. Bc2 Qd7 17. Qh5 Bxe3 18. Nxe3 Ne7 19. Rad1 Rfd8 20. Bb3 b4 21. Bxe6 fxe6 22. Ng4 bxc3 23. Rd3 Qb7 24. Rxc3 Ng6 25. Rh3 Nf8 26. f4 exf4 27. Rxf4 Qxb2 28. e5 Qb6+ 29. Rf2 Qd4 30. Nh6+ gxh6 31. Qf7+ Kh8 32. Qf6+ Kg8 33. Qf7+ 1/2-1/2

[Event "Geller Memorial op-A 4th"]
[Site "Odessa"]
[Date "2008.09.11"]
[Round "3"]
[White "Chernetskiy, Mykola"]
[Black "Elkin, Maxim"]
[Result "0-1"]
[WhiteElo "2120"]
[BlackElo "2242"]
[PlyCount "60"]
[EventDate "2008.09.09"]
[EventType "swiss"]
[EventRounds "9"]
[EventCountry "UKR"]
[SourceTitle "CBM 126 Extra"]
[Source "ChessBase"]
[SourceDate "2008.11.05"]
[SourceVersion "1"]
[SourceVersionDate "2008.11.05"]
[SourceQuality "1"]

1. Nf3 d5 2. b3 c5 3. Bb2 Nc6 4. e3 Bg4 5. Bb5 Rc8 6. 0-0 a6 7. Be2 Nf6 8. d3 e6 9. h3 Bh5 10. c4 Bd6 11. Nc3 0-0 12. cxd5 Nxd5 13. Ne4 Bxf3 14. Bxf3 Be5 15. d4 cxd4 16. exd4 Bb8 17. g3 Ba7 18. Rc1 Qe7 19. Re1 Rfd8 20. Kg2 Ndb4 21. Nc5 Nxa2 22. Rc4 b5 23. Nxe6 bxc4 24. Nxd8 Qxd8 25. Bxc6 Rxc6 26. d5 Rb6 27. Qe2 Qxd5+ 28. Kh2 Re6 29. Qg4 c3 30. Rd1 h5 0-1

[Event "Geller Memorial op-A 4th"]
[Site "Odessa"]
[Date "2008.09.10"]
[Round "2"]
[White "Elkin, Maxim"]
[Black "Tisevich, Roman"]
[Result "0-1"]
[WhiteElo "2242"]
[BlackElo "2387"]
[PlyCount "60"]
[EventDate "2008.09.09"]
[EventType "swiss"]
[EventRounds "9"]
[EventCountry "UKR"]
[SourceTitle "CBM 126 Extra"]
[Source "ChessBase"]
[SourceDate "2008.11.05"]
[SourceVersion "1"]
[SourceVersionDate "2008.11.05"]
[SourceQuality "1"]

1. e4 e5 2. Nf3 d6 3. d4 exd4 4. Nxd4 Nf6 5. Bd3 g6 6. Bg5 Bg7 7. 0-0 0-0 8. Qd2 Re8 9. c4 Nbd7 10. Nc3 c6 11. f4 Qb6 12. Bc2 Nxe4 13. Nxe4 Qxd4+ 14. Qxd4 Bxd4+ 15. Kh1 Nc5 16. Nxd6 Re6 17. Nxc8 Rxc8 18. Rab1 Re2 19. Rfd1 Rxc2 20. Rxd4 Re8 21. Rd8 Rxd8 22. Bxd8 Kg7 23. Ba5 Ne4 24. g3 b6 25. Be1 Rxc4 26. Kg2 Rc2+ 27. Kh3 f5 28. Rd1 g5 29. g4 h5 30. Rd7+ Kg8 0-1

[Event "Minsk op"]
[Site "Minsk"]
[Date "2008.07.13"]
[Round "4"]
[White "Elkin, Maxim"]
[Black "Levin, Evgeny A"]
[Result "0-1"]
[WhiteElo "2242"]
[BlackElo "2463"]
[PlyCount "62"]
[EventDate "2008.07.10"]
[EventType "swiss"]
[EventRounds "9"]
[EventCountry "BLR"]
[SourceTitle "CBM 125 Extra"]
[Source "ChessBase"]
[SourceDate "2008.09.01"]
[SourceVersion "1"]
[SourceVersionDate "2008.09.01"]
[SourceQuality "1"]

1. e4 c5 2. Nf3 d6 3. d4 cxd4 4. Nxd4 Nf6 5. Nc3 a6 6. Bc4 e6 7. 0-0 Be7 8. f4 b5 9. Bb3 Bb7 10. Be3 0-0 11. e5 dxe5 12. fxe5 Nfd7 13. Qh5 Qc7 14. Rae1 Nc6 15. Nxc6 Bxc6 16. Bg5 Bc5+ 17. Kh1 Nxe5 18. Bf4 Qb7 19. Bd5 exd5 20. Rxe5 f6 21. Rxd5 Bxd5 22. Nxd5 Rad8 23. Nc7 Qc6 24. Nxa6 Bd6 25. Bxd6 Rxd6 26. Nb4 Qc4 27. Nd3 Qxc2 28. Nf2 Qxb2 29. Ne4 Re6 30. Ng3 Re5 31. Nf5 Qe2 0-1

[Event "Voronezh op-A"]
[Site "Voronezh"]
[Date "2008.06.20"]
[Round "8"]
[White "Kachar, Vladimir"]
[Black "Elkin, Maxim"]
[Result "1/2-1/2"]
[WhiteElo "2324"]
[BlackElo "2242"]
[PlyCount "92"]
[EventDate "2008.06.12"]
[EventType "swiss"]
[EventRounds "9"]
[EventCountry "RUS"]
[SourceTitle "CBM 125 Extra"]
[Source "ChessBase"]
[SourceDate "2008.09.01"]
[SourceVersion "1"]
[SourceVersionDate "2008.09.01"]
[SourceQuality "1"]

1. Nf3 d5 2. c4 c6 3. e3 Nf6 4. Nc3 g6 5. Be2 Bg7 6. 0-0 0-0 7. d4 Bg4 8. h3 Bxf3 9. Bxf3 dxc4 10. Qe2 Nbd7 11. Qxc4 e5 12. Rd1 Qc7 13. Be2 Rad8 14. dxe5 Nxe5 15. Qb3 Rxd1+ 16. Qxd1 Rd8 17. Qc2 Qd7 18. e4 Qe6 19. Be3 Nc4 20. Bxc4 Qxc4 21. Rd1 Rxd1+ 22. Qxd1 h5 23. Qd8+ Kh7 24. f3 b5 25. a3 Qb3 26. Bd4 Ne8 27. e5 c5 28. Bxc5 Qxb2 29. Ne4 Qxe5 30. Bxa7 f5 31. Ng5+ Kg8 32. f4 Bf6 33. Qd7 Qe1+ 34. Kh2 Bxg5 35. fxg5 Qe5+ 36. Kh1 Qa1+ 37. Kh2 Qe5+ 38. Kh1 Qa1+ 39. Bg1 Ng7 40. Qd6 Kh7 41. Kh2 Qc1 42. Qe7 Qf4+ 43. Kh1 Qe4 44. Qd7 Qe8 45. Qa7 Qe1 46. Qb7 Qf1 1/2-1/2

[Event "Voronezh op-A"]
[Site "Voronezh"]
[Date "2008.06.18"]
[Round "6"]
[White "Slugin, Sergey"]
[Black "Elkin, Maxim"]
[Result "1-0"]
[WhiteElo "2425"]
[BlackElo "2242"]
[PlyCount "94"]
[EventDate "2008.06.12"]
[EventType "swiss"]
[EventRounds "9"]
[EventCountry "RUS"]
[SourceTitle "CBM 125 Extra"]
[Source "ChessBase"]
[SourceDate "2008.09.01"]
[SourceVersion "1"]
[SourceVersionDate "2008.09.01"]
[SourceQuality "1"]

1. d4 Nf6 2. c4 c6 3. Nc3 d5 4. Nf3 g6 5. Bf4 Bg7 6. e3 0-0 7. h3 Qa5 8. Be2 dxc4 9. Bxc4 Nd5 10. Bxd5 cxd5 11. Qb3 Rd8 12. 0-0 Nc6 13. a3 Qa6 14. Nb5 Na5 15. Qb4 Nc6 16. Qc5 b6 17. Qxc6 Bd7 18. Qxa8 Rxa8 19. Nc7 Qb7 20. Nxa8 Qxa8 21. Rfc1 Qd8 22. Rc3 Bf6 23. Rac1 Kg7 24. Rc7 Bf5 25. Rxa7 Qe8 26. a4 Be4 27. Ne5 g5 28. Bg3 h5 29. Nd7 h4 30. Bh2 g4 31. hxg4 Bg5 32. f4 Bh6 33. g5 Kh7 34. Rc6 Bg7 35. Rcc7 f6 36. f5 fxg5 37. Ne5 Qh5 38. Nf3 Bf8 39. f6 Bxf3 40. fxe7 Bg7 41. e8Q Qxe8 42. Rxg7+ Kh6 43. Rh7+ Kg6 44. Rag7+ Kf6 45. Re7 Qxa4 46. Rhf7+ Kg6 47. Rxf3 g4 1-0

[Event "Voronezh op-A"]
[Site "Voronezh"]
[Date "2008.06.13"]
[Round "2"]
[White "Ajrapetian, Gevorg"]
[Black "Elkin, Maxim"]
[Result "1/2-1/2"]
[WhiteElo "2368"]
[BlackElo "2242"]
[PlyCount "101"]
[EventDate "2008.06.12"]
[EventType "swiss"]
[EventRounds "9"]
[EventCountry "RUS"]
[SourceTitle "CBM 125 Extra"]
[Source "ChessBase"]
[SourceDate "2008.09.01"]
[SourceVersion "1"]
[SourceVersionDate "2008.09.01"]
[SourceQuality "1"]

1. e4 Nf6 2. e5 Nd5 3. d4 d6 4. c4 Nb6 5. exd6 exd6 6. Nc3 Be7 7. h3 Bf5 8. Nf3 0-0 9. Be2 Re8 10. 0-0 Bg6 11. Be3 Bf6 12. b3 Nc6 13. Qd2 a5 14. Rac1 h5 15. Rfe1 h4 16. d5 Nb8 17. Bd3 Bxd3 18. Qxd3 Na6 19. Ne4 Nd7 20. Nxf6+ Qxf6 21. Qd2 Ndc5 22. Bg5 Qg6 23. Nxh4 Qh7 24. Nf3 a4 25. Rxe8+ Rxe8 26. bxa4 Nd3 27. Rd1 Nac5 28. Be3 Ra8 29. a5 Qe4 30. Qc3 Nf4 31. Bxf4 Qxf4 32. Re1 Qf5 33. Nd4 Qf6 34. Qd2 Qh4 35. Nb5 Qxc4 36. Nxc7 Rc8 37. Qg5 Ne4 38. Qg4 Rxc7 39. Qxe4 Qxe4 40. Rxe4 Kf8 41. Rb4 Rc5 42. Rb6 Rxd5 43. a6 bxa6 44. Rxa6 Rd2 45. Ra7 g6 46. a4 Ra2 47. a5 d5 48. g3 d4 49. Kg2 d3 50. Rd7 Rxa5 51. Rxd3 1/2-1/2

[Event "Minsk Inautomarket op"]
[Site "Minsk"]
[Date "2005.07.10"]
[Round "1"]
[White "Elkin, Maxim"]
[Black "Shaposhnikov, Evgeny"]
[Result "0-1"]
[WhiteElo "2219"]
[BlackElo "2533"]
[PlyCount "74"]
[EventDate "2005.07.06"]
[EventType "swiss"]
[EventRounds "9"]
[EventCountry "BLR"]
[SourceTitle "CBM 107 Extra"]
[Source "ChessBase"]
[SourceDate "2005.09.01"]
[SourceVersion "1"]
[SourceVersionDate "2005.09.01"]
[SourceQuality "1"]

1. d4 Nf6 2. Nf3 e6 3. Bg5 c5 4. c3 Be7 5. Nbd2 b6 6. e4 cxd4 7. cxd4 Bb7 8. Bxf6 Bxf6 9. e5 Be7 10. Bd3 d6 11. 0-0 0-0 12. Qe2 Nc6 13. a3 dxe5 14. dxe5 Nd4 15. Nxd4 Qxd4 16. Nc4 Rad8 17. Rad1 Qf4 18. Nd6 Bxd6 19. exd6 Bd5 20. Rd2 Rxd6 21. g3 Qf6 22. Be4 Rfd8 23. Rfd1 g6 24. Bxd5 Rxd5 25. Rxd5 Rxd5 26. b4 Kg7 27. Kg2 h5 28. h4 Qc3 29. Rxd5 exd5 30. Qe7 Qc6 31. Qe5+ Kh7 32. f3 Qc2+ 33. Kf1 Qf5 34. Qe2 Qh3+ 35. Kf2 Qh2+ 36. Ke3 Qxg3 37. Qd3 Qe1+ 0-1